<Der> kleine Teussaint-Langenscheidt zur Erlernung fremder Sprachen

Gespeichert in:
Bibliographische Detailangaben
Format: Buch
Sprache:Deutsch
Veröffentlicht: Berlin Langenscheidtsche Verlagsbuchhaltung 1926
Tags: Tag hinzufügen
Keine Tags, Fügen Sie das erste Tag hinzu!

MARC

LEADER 00000nam a2200000 4500
001 0268854
005 20240822101713.1
041 0 |a ger 
044 |a DE 
245 1 0 |a <Der> kleine Teussaint-Langenscheidt zur Erlernung fremder Sprachen 
264 1 |a Berlin  |b Langenscheidtsche Verlagsbuchhaltung  |c 1926